000 00544nam a2200169Ia 4500
003 GCL
005 20240530104055.0
008 140319s9999 xx 000 0 ara d
040 _aGCL /
_cGCL
082 0 4 _a812.008
_bع ر
100 1 _aعزالدين مدنى
245 1 0 _aرحلة العلاج /
_cعزالدين مدنى
490 _aسلسلة مطبوعات فرقة الفن للعروض التجريبية
_v0
650 0 4 _aالادب العربى
650 0 4 _aالمسرحيات العربية - مجموعات
942 _2ddc
_cBK
999 _c44440
_d44440